000 00450nam a2200133Ia 4500
005 20260326100034.0
008 260326s9999||||xx |||||||||||||| ||und||
100 _aUribe L., Ignacio René
245 0 _aEDIAR 2007 :
_b La Ética en la Construcción de la ciudadanía Desde la perspectiva del Diseño y la Arquitectura /
_cIgnacio René Uribe L.
260 _bUniversidad Pontificia Bolivariana
300 _a117 p.
650 _aURBANISMO
942 _cBK
999 _c6721
_d6721